[Event "Stay Safe Play From Home 175"]
[Site "T#646355Emanuel Laske"]
[Date "2020.05.26"]
[Round "8"]
[White "Mepe_Nika"]
[Black "Fischer_11"]
[Result "1-0"]
[WhiteElo "2255"]
[BlackElo "1891"]
[Annotator "NA"]
[PlyCount "163"]
[EventDate "2020.05.26"]
[EventType "swiss (blitz)"]

1. d4 {[%emt 0:00:01]} e5 {[%emt 0:00:03]} 2. dxe5 {[%emt 0:00:01]} Nc6 {[%emt 0:00:00]} 3. Nf3 {[%emt 0:00:01]} Qe7 {[%emt 0:00:00]} 4. g3 {[%emt 0:00:03]} Nxe5 {[%emt 0:00:01]} 5. Bg2 {[%emt 0:00:01]} Nxf3+ {[%emt 0:00:01]} 6. Bxf3 {[%emt 0:00:00]} c6 {[%emt 0:00:00]} 7. O-O {[%emt 0:00:01]} d5 {[%emt 0:00:00]} 8. b3 {[%emt 0:00:01]} Be6 {[%emt 0:00:01]} 9. Bb2 {[%emt 0:00:01]} Nf6 {[%emt 0:00:00]} 10. Nd2 {[%emt 0:00:01]} g6 {[%emt 0:00:00]} 11. e4 {[%emt 0:00:02]} dxe4 {[%emt 0:00:01]} 12. Nxe4 {[%emt 0:00:01]} Bg7 {[%emt 0:00:01]} 13. Nxf6+ {[%emt 0:00:01]} Bxf6 {[%emt 0:00:01]} 14. Bxf6 {[%emt 0:00:01]} Qxf6 {[%emt 0:00:00]} 15. Qd6 {[%emt 0:00:01]} Qe7 {[%emt 0:00:02]} 16. Rad1 {[%emt 0:00:01]} Qxd6 {[%emt 0:00:01]} 17. Rxd6 {[%emt 0:00:00]} Ke7 {[%emt 0:00:00]} 18. Rfd1 {[%emt 0:00:01]} Rhd8 {[%emt 0:00:01]} 19. Rxd8 {[%emt 0:00:01]} Rxd8 {[%emt 0:00:00]} 20. Rxd8 {[%emt 0:00:01]} Kxd8 {[%emt 0:00:00]} 21. Kf1 {[%emt 0:00:00]} f6 {[%emt 0:00:01]} 22. Ke2 {[%emt 0:00:01]} Ke7 {[%emt 0:00:00]} 23. Kd3 {[%emt 0:00:01]} Kd6 {[%emt 0:00:00]} 24. a3 {[%emt 0:00:02]} b6 {[%emt 0:00:00]} 25. b4 {[%emt 0:00:01]} c5 {[%emt 0:00:00]} 26. c3 {[%emt 0:00:01]} c4+ {[%emt 0:00:01]} 27. Kd4 {[%emt 0:00:01]} b5 {[%emt 0:00:04]} 28. Bb7 {[%emt 0:00:01]} h5 {[%emt 0:00:04]} 29. h4 {[%emt 0:00:04]} g5 {[%emt 0:00:01]} 30. Bf3 {[%emt 0:00:01]} gxh4 {[%emt 0:00:02]} 31. gxh4 {[%emt 0:00:01]} Bg4 {[%emt 0:00:01]} 32. Be4 {[%emt 0:00:07]} f5 {[%emt 0:00:01]} 33. Bb7 {[%emt 0:00:04]} f4 {[%emt 0:00:01]} 34. Bd5 {[%emt 0:00:03]} Bf5 {[%emt 0:00:02]} 35. Bf7 {[%emt 0:00:01]} Bg4 {[%emt 0:00:01]} 36. Be8 {[%emt 0:00:01]} Bf3 {[%emt 0:00:01]} 37. Bxb5 {[%emt 0:00:01]} Ke6 {[%emt 0:00:04]} 38. Bxc4+ {[%emt 0:00:00]} Kf5 {[%emt 0:00:00]} 39. Ba6 {[%emt 0:00:02]} Kg4 {[%emt 0:00:00]} 40. Ke5 {[%emt 0:00:02]} Kxh4 {[%emt 0:00:01]} 41. Kxf4 {[%emt 0:00:00]} Be2 {[%emt 0:00:01]} 42. Bc8 {[%emt 0:00:01]} Ba6 {[%emt 0:00:00]} 43. a4 {[%emt 0:00:01]} Bxc8 {[%emt 0:00:01]} 44. b5 {[%emt 0:00:00]} Kh3 {[%emt 0:00:02]} 45. c4 {[%emt 0:00:01]} Kg2 {[%emt 0:00:00]} 46. c5 {[%emt 0:00:01]} h4 {[%emt 0:00:00]} 47. a5 {[%emt 0:00:00]} h3 {[%emt 0:00:00]} 48. b6 {[%emt 0:00:00]} h2 {[%emt 0:00:00]} 49. bxa7 {[%emt 0:00:01]} h1=Q {[%emt 0:00:00]} 50. a8=Q+ {[%emt 0:00:00]} Kg1 {[%emt 0:00:02]} 51. Qxh1+ {[%emt 0:00:00]} Kxh1 {[%emt 0:00:00]} 52. Ke5 {[%emt 0:00:00]} Ba6 {[%emt 0:00:00]} 53. Kd6 {[%emt 0:00:00]} Bb7 {[%emt 0:00:00]} 54. c6 {[%emt 0:00:00]} Ba6 {[%emt 0:00:00]} 55. c7 {[%emt 0:00:01]} Kg2 {[%emt 0:00:01]} 56. Kd7 {[%emt 0:00:00]} Kxf2 {[%emt 0:00:00]} 57. c8=Q {[%emt 0:00:00]} Bxc8+ {[%emt 0:00:00]} 58. Kxc8 {[%emt 0:00:00]} Ke3 {[%emt 0:00:00]} 59. Kb7 {[%emt 0:00:00]} Kd4 {[%emt 0:00:00]} 60. a6 {[%emt 0:00:00]} Kc4 {[%emt 0:00:00]} 61. a7 {[%emt 0:00:00]} Kc3 {[%emt 0:00:00]} 62. a8=Q {[%emt 0:00:00]} Kc2 {[%emt 0:00:00]} 63. Qc8+ {[%emt 0:00:00]} Kd2 {[%emt 0:00:00]} 64. Qc6 {[%emt 0:00:00]} Ke2 {[%emt 0:00:00]} 65. Kb6 {[%emt 0:00:00]} Kf2 {[%emt 0:00:00]} 66. Qc5+ {[%emt 0:00:00]} Kg2 {[%emt 0:00:00]} 67. Kb5 {[%emt 0:00:00]} Kg3 {[%emt 0:00:01]} 68. Qc4 {[%emt 0:00:00]} Kh3 {[%emt 0:00:01]} 69. Qc3+ {[%emt 0:00:00]} Kg2 {[%emt 0:00:01]} 70. Kc4 {[%emt 0:00:00]} Kf1 {[%emt 0:00:00]} 71. Qf6+ {[%emt 0:00:00]} Kg1 {[%emt 0:00:00]} 72. Kd3 {[%emt 0:00:00]} Kg2 {[%emt 0:00:00]} 73. Qf4 {[%emt 0:00:00]} Kh3 {[%emt 0:00:01]} 74. Qe3+ {[%emt 0:00:00]} Kh4 {[%emt 0:00:00]} 75. Kd2 {[%emt 0:00:01]} Kh5 {[%emt 0:00:00]} 76. Qg1 {[%emt 0:00:00]} Kh6 {[%emt 0:00:01]} 77. Ke3 {[%emt 0:00:00]} Kh7 {[%emt 0:00:00]} 78. Kf4 {[%emt 0:00:00]} Kh8 {[%emt 0:00:00]} 79. Kf5 {[%emt 0:00:00]} Kh7 {[%emt 0:00:01]} 80. Qg5 {[%emt 0:00:00]} Kh8 {[%emt 0:00:00]} 81. Kf6 {[%emt 0:00:00]} Kh7 {[%emt 0:00:01]} 82. Qg7# {[%emt 0:00:00] (Lag: Av=0.39s, max=0.8s)} 1-0

[Event "Stay Safe Play From Home 175"]
[Site "T#646355Emanuel Laske"]
[Date "2020.05.26"]
[Round "8"]
[White "Tolka"]
[Black "AChessPlayer"]
[Result "1-0"]
[WhiteElo "2242"]
[BlackElo "2402"]
[Annotator "TA"]
[PlyCount "85"]
[EventDate "2020.05.26"]
[EventType "swiss (blitz)"]

{[%evp 15,85,40,47,41,55,0,47,67,72,36,25,-121,-45,-41,-30,-91,-22,-36,-25,-184,-178,-184,-186,-151,-139,-209,-200,-215,-199,-214,-196,-253,-134,-134,-131,-121,51,36,392,448,421,136,1035,1035,1030,1027,5381,939,5369,3005,29993,29994,29994,29995,29995,29996,29997,29995,29995,29996,29996,29997,29997,29996,29997,29997,29998,29996,29997,29997,29997,29996]} 1. e4 c5 2. Nc3 Nc6 3. Bb5 Nd4 4. Bc4 g6 5. Nf3 Bg7 6. Nxd4 cxd4 7. Qf3 Nh6 8. Ne2 O-O 9. Bb3 {B23: Closed Sicilian: Lines without g3.} d6 10. h3 {[#]} (10. h4 $14) 10... e6 $146 ({Predecessor:} 10... Kh8 11. d3 e5 12. g4 f5 13. g5 fxe4 14. Qxe4 Nf5 15. h4 Ne7 16. h5 Bf5 {½-½ (63) Jones,G (2650)-Siva,M (2105) Dubai 2014}) 11. d3 {White is slightly better.} f5 {...fxe4 is the strong threat.} 12. exf5 Nxf5 13. O-O (13. h4 $11 {remains equal.}) 13... d5 (13... Ne3 $1 $17 14. Qxf8+ Bxf8 15. fxe3 dxe3 16. Bxe3 Bg7) 14. Qg4 a5 {Threatens to win with ...a4.} 15. Bg5 (15. a4 $11) 15... Qd6 (15... Qe8 $17 {And now ...a4 would win.} 16. a4 h5) 16. a4 $11 Bd7 17. Rae1 $2 (17. Ng3 $11 {and White stays safe.}) 17... e5 $19 18. Ng3 Ne3 $36 {[%mdl 2112] Double Attack. Keeping White busy.} 19. Qh4 Nxf1 20. Rxf1 (20. Ne4 $17 {is a better defense.} Qc6 21. Bc1) 20... Rae8 21. Ne4 Qc6 22. Bh6 Be6 $1 23. Ng5 (23. Ng3 $142) 23... Bxh6 (23... Rf4 $19 24. g4 Bxh6 25. Qxh6 Re7) 24. Qxh6 $17 {[%csl Gg5][%cal Rh6h7] [#]} Re7 $1 25. Re1 {[#]} Rf5 $2 (25... Qd6 $1 $17 26. Re4 b6) 26. g4 $14 Rf4 $2 {[%mdl 8192] White now steadily converts the win.} (26... Rf6 $14) 27. Rxe5 $18 Rf6 {intending ...Qd6.} 28. Bxd5 $2 (28. Nxe6 $18 Rfxe6 29. Bxd5 {[%mdl 64] Pin}) 28... Qxc2 $4 {[%mdl 8192]} (28... Qxd5 $16 29. Rxd5 Bxd5) 29. Bxe6+ {[%mdl 64] Discovered Attack} Rfxe6 30. Rxe6 Qc1+ 31. Kh2 Qf4+ 32. Kg2 Rxe6 33. Qxh7+ {[%mdl 64] Double Attack. White mates.} Kf8 34. Nxe6+ {[%mdl 4096] Endgame} Ke8 35. Nxf4 Kd8 36. Nxg6 Kc8 37. Qe7 Kb8 38. Ne5 Ka7 {[#]} 39. Qd7 $1 Ka6 40. Nc4 b6 41. Qb5+ Ka7 42. Qxb6+ Ka8 43. Qxa5+ {Accuracy: White = 51%, Black = 47%.} 1-0

[Event "Stay Safe Play From Home 175"]
[Site "T#646355Emanuel Laske"]
[Date "2020.05.26"]
[Round "8"]
[White "Lamborghini"]
[Black "The Next Contender"]
[Result "1-0"]
[WhiteElo "2191"]
[BlackElo "1893"]
[Annotator "TA"]
[PlyCount "67"]
[EventDate "2020.05.26"]
[EventType "swiss (blitz)"]

{[%evp 9,66,47,50,35,153,152,155,158,348,72,75,60,65,42,51,-66,66,62,103,100,104,106,117,92,100,74,159,170,233,229,225,230,593,486,995,977,1104,1103,1091,1081,1043,952,952,952,1112,1106,1180,1160,1301,1155,29980,29977,29991,29984,29991,29992,29994,29995,29999]} 1. e4 d5 2. exd5 Qxd5 3. Nc3 Qa5 4. d4 c6 5. Nf3 Bf5 6. Ne5 {B01: Scandinavian Defence.} e6 (6... Nf6 $14) 7. g4 $1 $16 {[%cal Rg4f5]} Bg6 8. h4 $1 {[%cal Rh4h5] Strongly threatening h5.White is clearly better.} Be4 $2 {[#]} (8... Bb4 $16) 9. f3 $2 (9. Nc4 $1 $18 {[%cal Rc4a5] is the precise move to win.} Bxc2 10. Qxc2) 9... Bd5 {[#]} 10. Bf4 $146 ({Predecessor:} 10. Bd2 Bb4 11. a3 Bxc3 12. Bxc3 Qc7 13. Rh3 Nd7 14. Nd3 O-O-O 15. Qe2 {1-0 (61) Akishev,A (2253)-Ezhov,V (2077) Novosibirsk 2002}) 10... Nf6 11. Qd2 Nbd7 12. Nc4 (12. Nxd5 $14 Qxd2+ 13. Bxd2 Nxd5 14. f4) 12... Qd8 (12... Bxc4 $1 $15 13. Bxc4 Bb4) 13. Nxd5 $14 cxd5 {[#] Black is now going downhill.} 14. Nd6+ $1 Bxd6 15. Bxd6 Nb8 16. Ba3 Nc6 17. O-O-O Ne7 (17... h6 $142) 18. h5 $16 O-O (18... Nc6 {is a better defense.} 19. g5 Ng8) 19. h6 g6 20. Qg5 $40 {[%mdl 128] White goes for the king.} Nd7 $2 (20... Nc6 21. Bxf8 Kxf8) 21. Qxe7 Qc7 (21... Re8 $142) 22. Bb5 $18 Rac8 23. Rd2 Rfe8 24. Qxd7 Qa5 25. Qxe8+ Rxe8 26. Bxe8 b5 27. c3 Qb6 28. f4 a5 29. Bc5 Qb7 {[#]} 30. f5 $1 {White mates.} b4 (30... exf5 31. Re1) 31. cxb4 axb4 32. fxe6 fxe6 33. Rf1 {[%csl Gc5][%cal Rf1f8]} Qc8 34. Rf8# {Accuracy: White = 72%, Black = 30%.} 1-0

[Event "Stay Safe Play From Home 175"]
[Site "T#646355Emanuel Laske"]
[Date "2020.05.26"]
[Round "8"]
[White "Lazieri3"]
[Black "Eidgenosse"]
[Result "0-1"]
[WhiteElo "2106"]
[BlackElo "2408"]
[Annotator "TA"]
[PlyCount "48"]
[EventDate "2020.05.26"]
[EventType "swiss (blitz)"]

{[%evp 9,47,22,39,17,26,-10,-8,-29,-26,-31,-15,-48,-38,-113,-122,-120,-133,-122,-122,-160,-117,-121,-84,-112,-99,-250,-78,-729,-720,-754,-745,-2491,-2402,-2318,-2166,-29997,-29998,-29998,-29999,-29999]} 1. e3 c6 2. d4 d6 3. c4 Nd7 4. Nc3 g6 5. Nf3 Bg7 6. Bd3 {A00: Irregular Openings.} e5 {[#]} 7. dxe5 $146 ({Predecessor:} 7. O-O Qe7 8. Bc2 Nh6 9. b3 f6 10. Bb2 Nf7 11. h3 a5 12. a3 O-O 13. Re1 {0-1 (34) Cordonnier,C (1720)-Lebel Arias,J (1997) France 2009}) 7... dxe5 8. e4 {The position is equal.} Ngf6 9. Be3 O-O 10. Qc1 Qe7 11. Bh6 (11. h3 $15) 11... Nc5 $17 12. Bc2 Bg4 13. Bxg7 Kxg7 14. Nd2 Rad8 15. h3 Bc8 16. O-O Nh5 {...Nd3 is the strong threat.} 17. Ne2 $2 {[#]} (17. Nf3 $17) 17... Ne6 $2 (17... Bxh3 $1 $19 {[%mdl 512] and Black stays clearly on top.} 18. Nb3 (18. gxh3 Qg5+) 18... Be6 19. Nxc5 Qxc5) 18. Rd1 $2 {[%mdl 8192]} (18. Nf3 $17) 18... Nhf4 19. Nxf4 Nxf4 20. Re1 {[#]} Qg5 $1 {[%csl Gf4][%cal Rg5g2][%mdl 512]} 21. g3 {[#]} Rxd2 $1 {[%mdl 512]} 22. Kh2 (22. Qxd2 Nxh3+) 22... Rxf2+ {Black mates.} 23. Kg1 Qxg3+ {[%mdl 64] Double Attack} 24. Kh1 Qg2# {Accuracy: White = 28%, Black = 71%.} 0-1

[Event "Stay Safe Play From Home 175"]
[Site "T#646355Emanuel Laske"]
[Date "2020.05.26"]
[Round "8"]
[White "Justwatch"]
[Black "SoulofWolf"]
[Result "0-1"]
[WhiteElo "1751"]
[BlackElo "2205"]
[Annotator "TA"]
[PlyCount "78"]
[EventDate "2020.05.26"]
[EventType "swiss (blitz)"]

{[%evp 9,78,-9,12,0,0,-26,105,5,55,11,14,0,6,0,24,-3,0,1,24,16,53,18,22,-11,0,-165,77,56,55,77,113,0,0,-60,-31,-167,-169,-156,-105,-193,-87,-144,-137,-137,-155,-402,-102,-333,-166,-219,-225,-421,105,-656,-659,-660,-661,-649,-605,-762,-725,-29990,-29991,-29986,-29976,-6511,-2531,-29990,-29983,-29990,-29991]} 1. e4 e5 2. Bc4 Nc6 3. Qh5 g6 4. Qf3 Qf6 5. d3 {[#]} d6 $146 ({Predecessor:} 5... Nd4 6. Qxf6 Nxf6 7. Bb3 Bg7 8. Nf3 Nxb3 9. axb3 d6 10. Nc3 c6 11. O-O O-O {0-1 (51) Ordinov,A-Korneev,A St Petersburg 2019}) 6. Qxf6 {C20: 1 e4 e5: Unusual White second moves.} (6. Bg5 {looks sharper.} Qg7 7. Ne2 Be7 8. h4 h6 9. Bd2) 6... Nxf6 7. Nc3 h6 (7... Nd4 $11 {keeps the balance.} 8. Bb3 Be6 9. Ba4+ Bd7 10. Bxd7+ Nxd7) 8. Bb3 (8. Nb5 $16 Kd8 9. Bxf7) 8... Bg7 9. Be3 (9. Nb5 $5 {[%cal Rb5c7]} Kd8 10. Bxf7 $14) 9... O-O 10. Nf3 a6 11. O-O b5 12. Nd5 Nxd5 13. Bxd5 Bb7 (13... Bd7 {is more complex.} 14. Bd2 a5 15. b3 a4 16. Rac1 Ra7) 14. a3 Na5 15. Bxb7 (15. Bd2 $5 {[%cal Rd2a5]} Nc6 16. Rfe1 $11) 15... Nxb7 16. Nh4 Kh7 17. f4 $2 (17. g3 $11 {and White is okay.}) 17... f6 $2 (17... exf4 $19 18. Bc1 Nc5) 18. f5 $16 g5 19. Ng6 Rfd8 20. Rf3 (20. Ne7 $1 $16) 20... d5 $11 21. Rh3 (21. Re1 $11) 21... Nd6 22. Rf3 (22. Bc5 $15) 22... dxe4 $19 23. dxe4 Nxe4 ({Better is} 23... g4 24. Rff1 Nxe4) 24. Rff1 (24. g4 $17 {was necessary.}) 24... Rd7 (24... h5 $19 25. Rae1 Rd7) 25. Rad1 (25. Rfd1 $142 Nd6 26. Rd5) 25... Rad8 $17 26. Rxd7 Rxd7 27. h3 $2 (27. g4 $17) 27... c5 $2 (27... Ng3 $19 28. Rf3 Rd1+ 29. Kf2 Nxf5 $1 {[%mdl 576] Remove Defender} 30. Rxf5 Kxg6) 28. c3 $2 (28. g4 $17 {was worth a try.}) 28... c4 (28... Ng3 $142 {Hoping for ...c4.} 29. Rf3 Rd1+ 30. Kf2 {[#]} Nxf5 $1 {[%mdl 576] Remove Defender} 31. Rxf5 Kxg6) 29. Kh2 (29. g4 $142) 29... h5 $19 30. Rb1 $2 (30. g4 {was forced.}) 30... Nd6 $2 (30... h4 $19 {White must now prevent ...Ng3.} 31. g4 hxg3+ 32. Kg2 Rd3) 31. Bc5 $2 {[%mdl 8192]} (31. Rd1 $16) 31... Nxf5 32. Nf8+ Bxf8 $1 33. Bxf8 {[%mdl 4096] Endgame KRB-KRN} Rd2 34. Bb4 Ne3 35. Rf1 Nxf1+ 36. Kg1 Ne3 37. Bc5 Nf5 38. Bd6 Kg6 39. Be7 Nxe7 {Accuracy: White = 22%, Black = 38%.} 0-1

[Event "Stay Safe Play From Home 175"]
[Site "T#646355Emanuel Laske"]
[Date "2020.05.26"]
[Round "8"]
[White "Grizzzly"]
[Black "Haxhi Baha"]
[Result "0-1"]
[WhiteElo "1685"]
[BlackElo "1916"]
[Annotator "TA"]
[PlyCount "34"]
[EventDate "2020.05.26"]
[EventType "swiss (blitz)"]

{[%evp 12,34,38,41,117,53,67,0,6,4,8,-83,74,93,38,0,51,-1551,-1551,-1491,-1485,-29994,-29995,-29995,-29996]} 1. d4 d5 2. c4 e5 3. dxe5 d4 4. Nf3 Nc6 5. g3 Nge7 6. Bg2 Ng6 7. O-O Bg4 {D09: Albin Counter Gambit: Main line with 5 g3.} (7... Ngxe5 $14 8. Nxe5 Nxe5) 8. Nbd2 (8. h3 $16 Be6 9. Qb3) 8... Qd7 $14 9. Ne4 (9. a3 $14) 9... O-O-O $11 {[#] The position is equal.} 10. Bg5 $146 ({Predecessor:} 10. Bf4 Nxf4 11. gxf4 h6 12. Qc1 Be7 13. a3 Bh3 14. Ne1 g5 15. Nd3 Bxg2 16. Kxg2 gxf4 17. Qxf4 {1-0 (25) Ortiz Amenos,J (1926)-Arasanz Seas,J (1571) Benidorm 2017}) 10... Re8 11. Bc1 (11. Qa4 $11) 11... Bh3 $2 {[#]} (11... Ngxe5 $17 12. Nxe5 Nxe5) 12. Bxh3 $16 Qxh3 13. Nxd4 Ncxe5 (13... Rd8 $11 14. e3 (14. Ng5 Qg4 $15) 14... Ngxe5) 14. Nc5 $2 {[%mdl 8192] Now White is beyond hope.} (14. Ng5 $14 Qh5 15. Ngf3) 14... Ng4 $19 {[%csl Gg4][%cal Rh3h2] [#]} 15. Nf3 N6e5 {( -> ...Nxf3+)} 16. Kh1 Bxc5 17. Bf4 Nxf3 {Accuracy: White = 16%, Black = 61%.} 0-1

[Event "Stay Safe Play From Home 175"]
[Site "T#646355Emanuel Laske"]
[Date "2020.05.26"]
[Round "8"]
[White "matanant"]
[Black "NeatFox"]
[Result "0-1"]
[WhiteElo "1685"]
[BlackElo "1738"]
[Annotator "NA RC"]
[PlyCount "48"]
[EventDate "2020.05.26"]
[EventType "swiss (blitz)"]

1. e4 {[%emt 0:00:05]} c6 {[%emt 0:00:00]} 2. d4 {[%emt 0:00:04]} d5 {[%emt 0:00:00]} 3. e5 {[%emt 0:00:02]} e6 {[%emt 0:00:01]} 4. Bd3 {[%emt 0:00:03]} c5 {[%emt 0:00:00]} 5. c3 {[%emt 0:00:02]} cxd4 {[%emt 0:00:00]} 6. cxd4 {[%emt 0:00:02]} Nc6 {[%emt 0:00:00]} 7. a3 {[%emt 0:00:02]} Nxd4 {[%emt 0:00:01]} 8. Ne2 {[%emt 0:00:03]} Nc6 {[%emt 0:00:01]} 9. O-O {[%emt 0:00:03]} Nxe5 {[%emt 0:00:01]} 10. Bc2 {[%emt 0:00:02]} Nc6 {[%emt 0:00:01]} 11. Nd2 {[%emt 0:00:05]} Nf6 {[%emt 0:00:00]} 12. Nf3 {[%emt 0:00:01]} Bd6 {[%emt 0:00:01]} 13. Bg5 {[%emt 0:00:03]} O-O {[%emt 0:00:01]} 14. Rc1 {[%emt 0:00:03]} Bd7 {[%emt 0:00:01]} 15. Bb1 {[%emt 0:00:02]} Be7 {[%emt 0:00:01]} 16. Qd3 {[%emt 0:00:05]} g6 {[%emt 0:00:01]} 17. Bh6 {[%emt 0:00:06]} Re8 {[%emt 0:00:01]} 18. Ng5 {[%emt 0:00:01]} Bf8 {[%emt 0:00:02]} 19. Bxf8 {[%emt 0:00:02]} Rxf8 {[%emt 0:00:00]} 20. Ng3 {[%emt 0:00:01]} Ne4 {[%emt 0:00:04]} 21. Qd2 {[%emt 0:00:00]} Nxg5 {[%emt 0:00:01]} 22. Ne2 {[%emt 0:00:03]} Ne4 {[%emt 0:00:02]} 23. Qe3 {[%emt 0:00:01]} Ne5 {[%emt 0:00:01]} 24. Nf4 {[%emt 0:00:00]} Nc4 {[%emt 0:00:01] Time (Lag: Av=0.66s, max=0.9s)} 0-1

[Event "Stay Safe Play From Home 175"]
[Site "T#646355Emanuel Laske"]
[Date "2020.05.26"]
[Round "8"]
[White "Haris kollari 13"]
[Black "Trotsky"]
[Result "1-0"]
[WhiteElo "1646"]
[BlackElo "1549"]
[Annotator "NA"]
[PlyCount "51"]
[EventDate "2020.05.26"]
[EventType "swiss (blitz)"]

1. e4 {[%emt 0:00:01]} c5 {[%emt 0:00:01]} 2. f4 {[%emt 0:00:01]} Nc6 {[%emt 0:00:01]} 3. Nf3 {[%emt 0:00:01]} e6 {[%emt 0:00:04]} 4. c3 {[%emt 0:00:02]} d6 {[%emt 0:00:01]} 5. d4 {[%emt 0:00:01]} cxd4 {[%emt 0:00:01]} 6. cxd4 {[%emt 0:00:01]} Qc7 {[%emt 0:00:01]} 7. Nc3 {[%emt 0:00:01]} a6 {[%emt 0:00:01]} 8. Be3 {[%emt 0:00:01]} Nf6 {[%emt 0:00:01]} 9. a3 {[%emt 0:00:01]} b6 {[%emt 0:00:01]} 10. h3 {[%emt 0:00:01]} Bb7 {[%emt 0:00:01]} 11. Bd3 {[%emt 0:00:01]} Rd8 {[%emt 0:00:01]} 12. O-O {[%emt 0:00:01]} Be7 {[%emt 0:00:01]} 13. g4 {[%emt 0:00:01]} O-O {[%emt 0:00:01]} 14. g5 {[%emt 0:00:05]} Nh5 {[%emt 0:00:02]} 15. Kg2 {[%emt 0:00:01]} Kh8 {[%emt 0:00:01]} 16. Nh4 {[%emt 0:00:04]} g6 {[%emt 0:00:03]} 17. f5 {[%emt 0:00:02]} gxf5 {[%emt 0:00:01]} 18. exf5 {[%emt 0:00:01]} Rg8 {[%emt 0:00:01]} 19. Qxh5 {[%emt 0:00:05]} Nxd4+ {[%emt 0:00:02]} 20. Kg1 {[%emt 0:00:05]} exf5 {[%emt 0:00:07]} 21. Bxd4+ {[%emt 0:00:02]} f6 {[%emt 0:00:01]} 22. Kf2 {[%emt 0:00:08]} Rxg5 {[%emt 0:00:03]} 23. Qxg5 {[%emt 0:00:01]} Rg8 {[%emt 0:00:03]} 24. Qxf5 {[%emt 0:00:01]} Rg2+ {[%emt 0:00:02]} 25. Ke1 {[%emt 0:00:02]} Rg5 {[%emt 0:00:09]} 26. Qxh7# {[%emt 0:00:01] (Lag: Av=0.89s, max=14.3s)} 1-0

[Event "Stay Safe Play From Home 175"]
[Site "T#646355Emanuel Laske"]
[Date "2020.05.26"]
[Round "9"]
[White "AChessPlayer"]
[Black "Eidgenosse"]
[Result "1/2-1/2"]
[WhiteElo "2377"]
[BlackElo "2412"]
[Annotator "TA"]
[PlyCount "156"]
[EventDate "2020.05.26"]
[EventType "swiss (blitz)"]

{[%evp 21,155,22,47,19,6,16,55,18,16,9,13,0,31,0,204,108,157,-131,79,68,403,188,395,255,256,151,828,136,658,217,620,476,448,453,1169,448,441,164,148,136,136,45,60,55,50,-13,0,-1523,-1457,-1326,-1104,-1280,-1280,-1560,-1290,-1274,-1203,-1184,-1155,-1523,-1299,-12799,-12799,-12797,-12788,-6450,-6183,-29977,-29976,-29978,-29978,-29978,-29977,-29977,-29977,-29977,-29977,-29979,-29980,-29980,-29981,-29986,-29987,-29987,-29987,-29987,-29988,-29988,-29989,-29990,-29991,-29992,-29993,-29997,-29994,-29994,-29995,-29997,-29994,-29996,-29992,-29993,-29993,-29995,-29993,-29993,-29994,-29994,-29994,-29994,-29994,-29994,-29994,-29994,-29995,-29995,-29996,-29996,-29997,-29997,-29997,-29997,-29997,-29997,-29997,-29997,-29997,-29997,-29997,-29997,-29997,-29998,-29997,-29997,-29998,-29999]} 1. g3 Nf6 2. Bg2 g6 3. Nf3 Bg7 4. O-O O-O 5. d3 d6 6. Nbd2 c5 7. e4 Nc6 8. Re1 Bg4 9. h3 Bxf3 10. Nxf3 Rb8 11. c3 Nd7 12. d4 {A05: Réti Opening: 1 Nf3 Nf6.} cxd4 13. cxd4 {[#]} e6 $146 ({Predecessor:} 13... b5 14. Be3 Nb6 15. b3 Qd7 16. Qd2 Rfc8 17. Rac1 b4 18. Kh2 a5 19. Rc2 Na7 20. Rxc8+ Nbxc8 {1-0 (38) Van Arkel,J (1878)-Alvarez Serra,J (2047) Girona 2008}) 14. d5 {White is slightly better.} exd5 15. exd5 Nce5 16. Nd4 a6 17. Bf4 b5 $2 (17... Qb6 $11) 18. Rc1 ({Better is} 18. Nc6 $18 Nxc6 19. dxc6) 18... Qb6 19. Qd2 $2 (19. Nc6 $1 $16 {keeps the pressure on.}) 19... Rfe8 $2 (19... Nc4 $17 {and life is bright.} 20. Rxc4 bxc4) 20. Nc6 $36 {[%mdl 2048] Threatens to win with Be3. White is more active.} Rbc8 $2 {[%mdl 8192] [#]} (20... Nc4 $1 $14 21. Nxb8 Rxb8) 21. b3 (21. Ne7+ $142 $1 {[%mdl 512]} Rxe7 22. Rxc8+ Nf8 23. b3) 21... h5 $2 (21... Qb7 22. Be3 Nf8) 22. g4 hxg4 {[#]} 23. hxg4 (23. Ne7+ $1 $18 {[%mdl 512]} Rxe7 24. Rxc8+ Nf8 25. hxg4) 23... Nxg4 $2 (23... Ra8 $16 24. Be3 Qb7) 24. Bxd6 $2 (24. Ne7+ $18 {and the rest is easy.} Kh7 25. Nxc8 Rxe1+ 26. Rxe1) 24... Ngf6 $2 {[%mdl 8192]} (24... Kh7 $16) 25. Bg3 $2 (25. Ne7+ Kh7 26. Nxc8 Rxc8 {[%mdl 64] Remove Defender} 27. Rxc8 Qxd6 28. Rc6) 25... Nc5 $2 (25... Kh7 26. Bf4 Ng4 27. Rxe8 Rxe8) 26. Ne7+ Rxe7 27. Rxe7 Rd8 (27... Bf8 $142 28. Ree1 Nh5) 28. d6 (28. Bc7 $142 Qxc7 29. Rxc7) 28... Bf8 $18 29. Re3 $2 (29. Rc7 Bxd6 {[#]} 30. Rc8 $3 {[%mdl 576] Deflection} Rxc8 31. Qxd6 Qxd6 32. Bxd6) 29... Bxd6 30. Bxd6 Rxd6 31. Qe2 (31. Qc3 $16 Ncd7 32. Bf3) 31... Ne6 $14 32. Rc8+ Kg7 33. Bf3 ({White should try} 33. Rd3 $14) 33... Nd4 34. Kg2 $2 {[%mdl 8192] Black keeps a firm grip on the game.} (34. Qd1 $11) 34... Nxe2 $19 35. Rxe2 Re6 {aiming for ...Rxe2.} 36. Rxe6 Qxe6 37. Rc3 Nh7 38. Re3 Qf6 39. Be2 Ng5 40. Rg3 Qf4 41. Bf3 Nxf3 42. Rxf3 Qxf3+ 43. Kxf3 {[%mdl 4096] Endgame KP-KP} Kf6 44. b4 Ke5 {Black mates.} 45. Ke3 f5 46. f4+ Kd5 47. Kd3 Kd6 48. Kd4 Ke6 49. Kc5 {[#]} g5 $1 {[%mdl 512]} 50. fxg5 {K3P-K3P} f4 51. Kb6 f3 52. g6 Kf6 53. g7 Kxg7 54. Kxa6 {KPP-KPP} f2 55. Kb6 f1=Q 56. a3 Qc4 57. Ka5 Kf6 58. Kb6 Ke5 59. Ka5 Kd4 60. Ka6 Kc3 61. Kb6 Kb3 62. Ka6 Ka4 63. Kb7 Kxa3 64. Ka7 Qxb4 65. Kb6 Qa4 66. Kc6 b4+ 67. Kd6 b3 68. Ke5 b2 69. Kf6 b1=Q 70. Ke6 Qb2 71. Kd6 Qab3 72. Ke7 Q3c2 73. Ke6 Qcc1 74. Kf5 Qbc2+ 75. Kg4 Q2d2 76. Kh3 Qce1 77. Kg4 Qdf2 78. Kh3 Qeg1 {Accuracy: White = 28%, Black = 41%.} 1/2-1/2